Pokemon Abilities: Sturdy - Statistics

General Stats
  • This quiz has been taken 13 times
  • The average score is 28 of 43
Answer Stats
Hint Answer % Correct
I Geodude
100%
I Golem
100%
I Graveler
100%
I Onix
100%
II Steelix
100%
III Aron
88%
V Boldore
88%
V Gigalith
88%
V Roggenrola
88%
II Sudowoodo
88%
III Aggron
75%
IV Bastiodon
75%
IV Bonsly
75%
V Carracosta
75%
IX Garganacl
75%
III Lairon
75%
I Magnemite
75%
I Magneton
75%
IV Magnezone
75%
IX Nacli
75%
IX Naclstack
75%
III Nosepass
75%
IV Probopass
75%
IV Shieldon
75%
II Shuckle
75%
V Tirtouga
75%
VI Avalugg
63%
VI Bergmite
63%
II Donphan
50%
II Forretress
50%
II Pineco
50%
II Skarmory
50%
VII Togedemaru
50%
IX Archaludon
38%
VI Carbink
38%
VII Cosmoem
38%
V Crustle
38%
V Dwebble
38%
III Relicanth
38%
V Sawk on deez nutshaha got u
38%
III Regirock
25%
IX Ogerpon(Cornerstone Mask)
13%
VI Tyrunt
13%
No matching quizzes found
Score Distribution
Percent of People with Each Score
Percentile by Number Answered
Your Score History
You have not taken this quiz